000 00796nac a22002537a 4500
001 BR9404317
003 BR-BrBNA
005 20240105121551.0
008 230509b bl.|||m| |||| 00| 0 por d
040 _aBR-BrBNA
_bpor
_cBiblioteca Nacional de Agricultura
072 _aE10; E13
090 _aE10 BR9404317
100 1 _aAraujo, A.B. de
110 1 _aInstituto de Pesquisa Economica Aplicada, Rio de Janeiro, RJ (Brasil)
_96126
245 1 _aO governo brasileiro, o BIRD e o BID: cooperacao e confronto
260 3 _aRio de Janeiro, RJ (Brasil):
_c1991.
300 _a122 p.
490 _aSerie IPEA (Brazil)
_vno. 131
_x
650 _aPolitica Economica
650 _aCredito
650 _aFinanciamento
909 _a202312
_bLúcia Elande
_c55
_dLúcia Elande
942 _2AGRIS
_n0
_cMS
999 _c286058
_d286058